000 00284nam a22001337a 4500
008 211020b ||||| |||| 00| 0 eng d
041 _aeng
080 _a316
082 _a316
100 _a50
101 _aSOC
245 _aTransforming Body Image
_cGermaine,M
942 _2udc
_cBK
999 _c58299
_d58299